[Event "Corus-C"]
[Site "Wijk aan Zee"]
[Date "2006.01.14"]
[Round "1"]
[White "Jonkman, Harmen"]
[Black "Visser, Yge"]
[Result "1-0"]
[WhiteElo "2470"]
[BlackElo "2485"]
[Annotator "Psakhis,L"]
[PlyCount "67"]
[EventDate "2006.01.14"]
[EventType "tourn"]
[EventRounds "13"]
[EventCountry "NED"]
[EventCategory "9"]
[SourceTitle "CBM 111"]
[Source "ChessBase"]
[SourceDate "2006.04.04"]
[SourceVersion "1"]
[SourceVersionDate "2006.04.04"]
[SourceQuality "1"]

1. e4 e6 2. d4 d5 3. e5 c5 4. c3 Nc6 5. Nf3 Bd7 6. Be2 Nge7 7. Na3 cxd4 8. cxd4
Nf5 9. Nc2 h5 {A rare and, possibly, not the best move. Black hadn't any
reasons to produce weaknesses on the king's side.} (9... Rc8 10. Bd3 (10. Bd2
b5 11. Bxb5 Nxe5 12. Bxd7+ Nxd7 13. Ne3 Nxe3 14. fxe3 Bd6 15. Qa4 Qb6 16. Rc1
Rxc1+ 17. Bxc1 Qb7 18. b3 O-O 19. Ba3 Nb6 20. Qa5 Bxa3 21. Qxa3 Nc4 22. Qc1 Nd6
23. O-O Qb6 {1-0 Zvonitsky,V-Moskalenko,V/UKR-ch YM Kharkov 1984/UKR (62)})
10... Nb4 11. Bxf5 exf5 12. Na3 Be7 13. O-O g5 14. Ne1 Qb6 15. Qh5 Qxd4 16. Nf3
Qg4 17. Qh6 f4 18. Qg7 Rf8 19. Qxh7 Bf5 20. Qh6 Bd3 21. Re1 Be4 22. h3 Qe6 {
0-1 Brineva,E (2139)-Kobylkin,E (2398)/Poltavskaya 2005/EXT 2006 (35)}) (9...
Qa5+ $5) (9... Be7 $5) (9... a5) (9... Qb6 $5) (9... Nb4 $5) 10. h4 $146 {
[%csl Gg5]} (10. a3 Qb6 11. b4 Be7 12. O-O Rc8 13. Be3 Nd8 14. Qd2 Bb5 15. Rac1
Qa6 16. Bxb5+ Qxb5 17. Bg5 f6 18. exf6 gxf6 19. Bf4 Nd6 20. Bxd6 Bxd6 21. Ne3
Nc6 22. g3 Kf7 $13 {1-0 Armes,R (2175)-Cherniack,A (2289)/Boston 1997/USA (39)}
) 10... Qb6 11. O-O Rc8 (11... Be7 $5) 12. Bg5 ({I would prefer} 12. Rb1 $5 {
[%cal Gb2b4] protecting the b-pawn and preparing the typical move for this
line: b4 .}) 12... a5 $6 ({Interesting, white Visser didn't took the pawn -
after} 12... Qxb2 13. Rb1 Qxa2 {White can repeat moves} 14. Ra1 ({or to choose
} 14. Rxb7 Be7 {with reasonable compensation for the pawn, but Black's
position is not bad at all.} (14... Nd8 15. Bxd8 Qxc2 16. Qxc2 Rxc2 17. Bd3 Rc8
18. Ba5 $36)) 14... Qb3 15. Rb1) 13. Qd3 Na7 14. Ne3 $1 Bb5 15. Qb3 $14 {
Black has some problems with development and it is not easy to find a safe
place for his king.} Rc6 $6 (15... Nxe3 $142 $5) 16. Bxb5 Qxb5 17. Nxf5 exf5 (
17... Qxb3 $2 18. axb3 exf5 19. Rxa5 $18) 18. Qe3 $1 {Surely Jonkman doesn't
show any desire to exchange queens! Black's king got stuck in the centre and
the position of the knight on a7 is just ridiculous.} Re6 {The rook is
obviously misplaced there!} 19. Ne1 {[%cal Cb5b2,Ge1d3,Gd3f4]} (19. a4 $5) ({
Worth a consideration is:} 19. Qc1 $5 Nc6 $140 (19... Qd7 $5) 20. Qc2 g6 21.
Bf6 $18) 19... f6 $5 20. Bf4 Nc6 21. Nf3 Be7 22. a4 $1 Qb6 (22... Qa6 23. Qb3
Nb4 24. Rac1 $36) 23. Qd3 g6 $6 ({Black just missed a good chance for
successful defense. Good or bad, he must play} 23... O-O {keeping nice trick
in mind} 24. Qxf5 Nxe5 $1) 24. Qb5 $1 Qxb5 25. axb5 Nb4 26. Rxa5 Nd3 ({And
after} 26... Kf7 27. exf6 Bxf6 28. Ra7 Rb6 29. Rc1 {Black needs good advice.})
27. Ra8+ Bd8 28. Bd2 (28. g3 $5) 28... O-O ({Or} 28... fxe5 29. Ng5 Re7 30.
dxe5 O-O (30... Nxe5 31. Ba5 Kd7 32. Rd1 $18) 31. Ra3 Nxe5 32. Bb4 $18) 29. Rb8
{The rook is very active, and is a bone in Black's throat!} (29. Bc3 fxe5 30.
dxe5 Bb6 $1 $14) 29... b6 (29... fxe5 $142 30. dxe5 Nxe5 31. Nxe5 Rxe5 32. Rxb7
$16) 30. Bc3 $1 fxe5 $6 (30... Be7 $16) 31. dxe5 $18 Bc7 (31... Be7 32. Rxf8+
Kxf8 33. Rd1 Nf4 34. Bd2 $1 $18) 32. Rxf8+ Kxf8 33. Rd1 Nxe5 34. Bxe5 (34. Bxe5
Bxe5 35. Re1 Bh2+ 36. Kxh2 $18) 1-0

[Event "Buenos Aires zt 2.5"]
[Site "Buenos Aires"]
[Date "2000.??.??"]
[Round "2"]
[White "Rodriguez Vila, Andres"]
[Black "Zarnicki, Pablo Adrian"]
[Result "1/2-1/2"]
[WhiteElo "2493"]
[BlackElo "2488"]
[Annotator "Psakhis,L"]
[PlyCount "52"]
[EventDate "2000.07.26"]
[EventType "swiss"]
[EventRounds "9"]
[EventCountry "ARG"]
[SourceTitle "CBM 079"]
[Source "ChessBase"]
[SourceDate "2000.11.21"]
[SourceVersion "1"]
[SourceVersionDate "2000.11.21"]
[SourceQuality "1"]

1. e4 e6 2. d4 d5 3. e5 c5 4. c3 Qb6 5. Nf3 Bd7 6. Bd3 Bb5 7. Bxb5+ Qxb5 8. a4
Qb6 (8... Qd7 9. dxc5 Bxc5 10. b4 Bb6 11. a5 Bc7 12. O-O Nc6 13. Re1 Nge7 14.
Bf4 O-O 15. Nbd2 f6 16. exf6 Rxf6 17. Bxc7 Qxc7 18. Nb3 Raf8 $13 {Savic,
N-Knezevic,B/YUG t-ch Novi Sad 2000 1/2-1/2 (47)}) 9. a5 (9. O-O Nc6 10. Na3
cxd4 (10... Nge7 $2 11. dxc5 Qxc5 12. Nb5 Nd8 13. Nd6+ Kd7 14. Be3 Qc7 15. Ng5
$16 {1-0 Vos,J-Visschedijk,G/NED-ch B14 Hengelo 2000/ (27)}) 11. cxd4 Nge7 $11)
9... Qb5 $146 {[%cal Gb5f1]} (9... Qc7 10. Qa4+ Nd7 11. O-O c4 12. Ne1 Ne7 13.
f4 h5 14. Nc2 Nf5 15. Ne3 g6 16. Nxf5 gxf5 17. Nd2 Qc6 18. Qxc6 bxc6 19. b4
cxb3 20. Rb1 c5 $11 {Vedder-Weyerstrass/Interne Huizen 1989/0-1 (37)}) 10. Na3
{[%mdl 512] This is a very interesting pawn sacrifice, which allows White to
fight for an advantage.} (10. Qa4 Qxa4 11. Rxa4 c4 $5) 10... Qxa5 11. dxc5 Qxc5
12. O-O ({The line} 12. Be3 $5 Qc6 (12... Qc8 13. Nb5 a6 $140 $2 14. Bb6 $1 $18
) 13. Nd4 Qd7 14. Nab5 {looks dangerous, but after} Nc6 $1 {Black seems to be
OK.}) 12... Ne7 13. Be3 Qc8 $2 {This is a serious mistake.} ({Much more
stubborn would be} 13... Qc6 $5 14. Nd4 $140 Qd7 15. Nab5 Nec6 $13) 14. Qa4+ $5
{This is OK, but perhaps White had an even better move at his disposal.} ({
He could have also tried} 14. Nb5 $5 Nec6 15. Bb6 (15. c4 $5 dxc4 $140 16. Bb6
$1 Na6 17. Rxa6 $18 {[%csl Ga6,Gb5,Gb6]}) 15... Na6 16. Rxa6 bxa6 17. Nc7+ Kd7
(17... Ke7 18. Nxa8 axb6 19. Nxb6 Qb7 20. Nxd5+ $1 exd5 21. Qxd5 $40) 18. Nxa8
Qxa8 19. Be3 $16) 14... Nd7 15. c4 (15. Nb5 Nc6 $13) 15... dxc4 16. Nxc4 Nc6 (
16... Nd5 17. Rfc1 Qd8 18. Bxa7 $1 $16) 17. Rfd1 {There is no need for a long
cogitation here to perceive that the exchange of the knights will bring White
large dividend - elimination of an important defender of Black's queenside.} (
17. Na5 $5 Nxa5 18. Qxa5 $44 {[%cal Gf1c1]}) 17... Be7 18. Bg5 (18. Na5 O-O 19.
Rac1 Nb6 $13) 18... f6 $8 19. exf6 gxf6 $8 {This is already time for only
moves.} (19... Nxf6 $2 {would have lost on the spot:} 20. Bxf6 gxf6 21. Nb6 $1
axb6 22. Qxa8 $18) 20. Bh6 ({Perhaps, better was} 20. Be3 $5 O-O $140 21. Nd6
Bxd6 22. Rxd6 Nde5 23. Nxe5 Nxe5 24. Rc1 Qe8 25. Qb3 $16 {[%cal Rb3e6,Rb3b7]})
20... Qc7 21. Qc2 (21. Nd4 $5 {[%cal Rd4e6,Gd4b5]} Nxd4 22. Rxd4 Bc5 23. Re4
Kf7 24. Rae1 $36 {[%csl Rf7]}) 21... Kf7 (21... O-O-O $5) 22. Na5 {White
misses the last chance to play for an advantage here.} ({He had to try} 22. Bf4
$1 Qxf4 (22... e5 23. Qf5 $1) 23. Rxd7 Rag8 24. Qb3 {[%cal Rb3f7,Gd7b7]}) 22...
Nde5 23. Nxe5+ Qxe5 24. Nxc6 bxc6 25. Re1 Qf5 26. Qxc6 Rac8 (26... Rac8 27. Qb7
$36) 1/2-1/2

[Event "YUG-ch 57th"]
[Site "Banja Koviljaca"]
[Date "2002.03.20"]
[Round "5"]
[White "Savic, Miodrag R"]
[Black "Kosic, Dragan"]
[Result "1/2-1/2"]
[WhiteElo "2469"]
[BlackElo "2511"]
[Annotator "Psakhis,L"]
[PlyCount "81"]
[EventDate "2002.03.16"]
[EventType "tourn"]
[EventRounds "13"]
[EventCountry "YUG"]
[EventCategory "10"]
[SourceTitle "CBM 089"]
[Source "ChessBase"]
[SourceDate "2002.08.12"]
[SourceVersion "1"]
[SourceVersionDate "2002.08.12"]
[SourceQuality "1"]

1. e4 e6 2. d4 d5 3. e5 c5 4. c3 Qb6 5. Nf3 Bd7 6. Be2 Bb5 7. c4 dxc4 8. d5
exd5 9. Qxd5 Ne7 10. Qe4 Bc6 ({According to theory} 10... Qg6 $5 {is the best
option, for example} 11. Qxg6 Nxg6 12. Na3 Ba6 13. Bxc4 Bxc4 14. Nxc4 Nc6 15.
O-O b5 16. Nd6+ Bxd6 17. exd6 Kd7 18. a4 Rhb8 {Galdunts,S-Grabarczyk,B/
Oberliga Ost-B 2000/EXT 2002/1/2-1/2 (46)}) 11. Qxc4 Bd5 12. Qa4+ Nbc6 $146 (
12... Bc6 13. Qc2 Ng6 14. O-O Qc7 15. Re1 Be7 16. e6 f6 17. Nc3 a6 18. Ne4 Bd5
19. Be3 Bxe6 {1-0 Gomez Alvarez,F-Hermida Rivera,E /Asturias t-chB 2001/ (36)})
13. Nc3 Be6 (13... Bxf3 14. Bxf3 $36 {[%csl Gf3]}) 14. O-O O-O-O 15. Nb5 Nf5
16. Bg5 Rd7 (16... Be7 17. Bxe7 Nfxe7 18. Rfc1 {[%cal Gc1c8,Gb5d6]}) 17. Rfd1 (
17. Bc4 $5) 17... a6 18. Na3 Nfd4 ({Black played the opening quite well and
after} 18... Qb4 $5 $11 {he could get a good position.}) 19. Nxd4 Nxd4 20. Bf1
h6 (20... Qc6 21. Qa5 $13 (21. Rxd4 Rxd4 22. Qxc6+ bxc6 23. Bxa6+ Kd7 24. Be3
Ra4 25. Be2 Be7 $15)) 21. Be3 Be7 $2 ({Again} 21... Qc6 $5 {was the best option
}) 22. Nc4 Qa7 (22... Qc7 23. Rac1 $36) 23. Qa5 ({It will be very difficult to
defence black's position after the simple} 23. Nd6+ $5 Kb8 (23... Bxd6 24. exd6
Rxd6 25. Rac1 $16) 24. Rac1 $16) 23... Kb8 24. Nb6 Rc7 (24... Rdd8 $8 {was the
last chance for resistance.}) 25. Rxd4 $1 cxd4 26. Bxd4 {[%csl Ra7] Playing
quite naturally White has reached a particularly good position} Rd8 27. Be3 (
27. Nd7+ Rdxd7 28. Bxa7+ Kxa7 29. b4 Rc2) 27... Rc6 28. b4 $1 Bg5 29. Bc5 $6 ({
I can't believe that Black would get chances for survival after} 29. Nd7+ $1
Rxd7 30. Bxa7+ Kxa7 31. b5 $18) 29... Rd2 {[%cal Gg5d8]} 30. Nd7+ Bxd7 31.
Bxa7+ Kxa7 32. b5 Rcc2 {White managed to win the queen, but he shouldn't
underestimate black's activity.} 33. b6+ (33. bxa6 b6 34. Qb4 Rxf2 35. Rb1 Be3
36. Kh1 Bc6 $11) 33... Kb8 34. Bxa6 (34. Qa3 $5) 34... bxa6 (34... Rxf2 $2 35.
Be2 $1 $18) 35. Qxa6 Rxa2 $1 {Now all problems are behind for Black!} 36. Qxa2
(36. Rxa2 Rd1+ 37. Qf1 Rxf1+ 38. Kxf1 Be6 $15) 36... Rxa2 37. Rxa2 Be6 38. Rb2
Kb7 39. g3 Bd8 40. Kg2 Bxb6 41. Rc2 (41. Rc2 {Maybe Black could continue play
with} Bd4 42. f4 Kb6 43. Kf3 $15 {but surely, that draw is a most normal
result.}) 1/2-1/2

[Event "Budapest FS02 GM"]
[Site "Budapest"]
[Date "2000.02.07"]
[Round "3"]
[White "Burnett, Ronald"]
[Black "Hoang, Thanh Trang"]
[Result "0-1"]
[WhiteElo "2437"]
[BlackElo "2448"]
[Annotator "Psakhis,L"]
[PlyCount "92"]
[EventDate "2000.02.05"]
[EventType "tourn"]
[EventRounds "13"]
[EventCountry "HUN"]
[EventCategory "9"]
[SourceTitle "CBM 076"]
[Source "ChessBase"]
[SourceDate "2000.05.31"]
[SourceVersion "1"]
[SourceVersionDate "2000.05.31"]
[SourceQuality "1"]

1. e4 e6 2. d4 d5 3. e5 c5 4. c3 Nc6 5. Nf3 Qb6 6. a3 c4 7. g3 Bd7 8. Bh3 (8.
h4 {promice more chances for advantage}) 8... Na5 9. Nbd2 Ne7 10. O-O h6 11.
Re1 (11. Ne1 O-O-O 12. Ng2 Kb8 13. Rb1 Ka8 14. Kh1 Nec6 15. f4 g6 16. Ne3 h5
17. Rf2 Ne7 18. Nf3 Nb3 19. Bd2 Nxd2 20. Rxd2 Nc6 $11 {0-1 Lobron,E-Hjartarson,
J/Manila (izt) 1990/Inf 49 (38)}) 11... O-O-O 12. Rb1 Kb8 {Black can be happy
with results of opening} 13. Bg4 $146 (13. Nf1 Nec6 14. N3d2 Be7 15. Ne3 Bc8
16. Nc2 Nb3 17. Nxb3 Qxb3 18. Ne3 Qxd1 19. Rxd1 Na5 20. f4 g6 21. Rf1 Nb3 {
1/2-1/2 Gunawan,R-Spassov,L/Surakarta/Denpasar 1982 (29)}) (13. b4 $2 cxb3 14.
Nxb3 Ba4 15. Nfd2 Nxb3 16. Nxb3 Nc6 $17 {[%cal Rc6a5] 0-1 Magari,R-Cugini,W/
Caorle op 1989 (35)}) (13. Qc2 Rc8 14. Nf1 Nb3 15. N3d2 Ba4 16. Nxb3 Qxb3 17.
Qxb3 Bxb3 18. Ne3 g5 19. f4 gxf4 20. gxf4 Rg8+ 21. Kf2 Ng6 {Petruccioli,
A-Ranieri,F/ITA-sf Saint Vincent 1999/1-0 (47)}) (13. Bg2 Rc8 14. h4 Qd8 15.
Bh3 Qe8 $1 16. Qe2 Ba4 17. Nf1 Bb3 18. Bf4 Qc6 $13 {Veroci,Z-Maric,A/Jajce w
1983/1/2-1/2 (42)}) 13... g6 {[%cal Ge7f5]} 14. h4 Nf5 15. Bh3 {[%cal Gf3h2,
Gh2g4] Prepares knight transferal to g4} Be7 16. Nh2 Rdg8 17. Ng4 Qd8 {[%cal
Gh6h5,Gg6g5] Playing quite naturally Black has reached a particularly good
position} 18. Kg2 Ka8 ({After} 18... h5 19. Nf6 $5 (19. Ne3 Nxe3+ 20. Rxe3 g5
$36) 19... Bxf6 20. exf6 Qxf6 21. Nf3 $44 {White'll have enough compensation
for the pawn}) 19. Nf3 Nb3 20. Bf4 $6 {Just provokes Black for activity!} (20.
Be3 $5) 20... g5 $1 21. hxg5 hxg5 22. Be3 Rh7 {[%cal Gg8h8]} 23. Rh1 Rgh8 24.
Qe2 (24. Nf6 $2 Bxf6 25. exf6 Nxe3+ 26. fxe3 g4 $19) 24... Qg8 $17 {Black
compleately overplayed oppenent and White now needs good advice} 25. Rh2 $2 {
[%mdl 8192] Allows simple combination} (25. Rbd1 Qg6) 25... Rxh3 $1 26. Rxh3
Rxh3 27. Bxg5 (27. Kxh3 Qh7+ 28. Kg2 Nxe3+ 29. Qxe3 Qxb1 $19 {lose as well})
27... Rh7 28. Nf6 (28. Bxe7 Qxg4) 28... Bxf6 29. Bxf6 Qg6 $19 {[%cal Rf5e3] It
was good moment for White to stop resistance, but Burnett fights another 17
moves.} 30. Rg1 Qg4 31. Kf1 (31. Rh1 Rxh1 32. Kxh1 Nc1) 31... Nc1 32. Qd1 Nd3 (
32... Rh2 $1) 33. Qe2 Ba4 34. Nh4 Qh3+ 35. Ng2 a6 (35... Nh6 $5 {[%cal Gh6g4]})
36. Qf3 Nxb2 37. Ke2 Bc2 38. Nf4 Qh2 39. Rc1 Be4 40. Qg4 Nd3 41. Rf1 Nxf4+ 42.
gxf4 (42. Qxf4 Bd3+) 42... Nh6 43. Qg5 Bd3+ 44. Ke1 Bxf1 (44... Qh3 $1 {
[%cal Rh3f3]}) 45. Bg7 Bd3 46. Bf8 f6 0-1

[Event "Buenos Aires zt 2.5"]
[Site "Buenos Aires"]
[Date "2000.??.??"]
[Round "5"]
[White "Giaccio, Alfredo Gustavo"]
[Black "Rodriguez Vila, Andres"]
[Result "0-1"]
[WhiteElo "2505"]
[BlackElo "2493"]
[Annotator "Psakhis,L"]
[PlyCount "56"]
[EventDate "2000.07.26"]
[EventType "swiss"]
[EventRounds "9"]
[EventCountry "ARG"]
[SourceTitle "CBM 079"]
[Source "ChessBase"]
[SourceDate "2000.11.21"]
[SourceVersion "1"]
[SourceVersionDate "2000.11.21"]
[SourceQuality "1"]

1. e4 e6 2. d4 d5 3. e5 c5 4. c3 Nc6 5. Nf3 Bd7 6. dxc5 Bxc5 7. b4 Bb6 8. b5
Na5 9. Bd3 Ne7 10. O-O Rc8 {[%csl Rc3,Re5] This line does not look too
dangerous for Black, as White has created too many structural weaknesses. Of
course, White's initiative on the kingside is not to be underestimated.} (10...
Ng6 11. Re1 Rc8 12. a4 O-O 13. Ra2 Nc4 14. Na3 Nxa3 15. Bxa3 Bc5 16. Bc1 f6 17.
exf6 Qxf6 18. Bxg6 hxg6 19. Rc2 Be8 20. Be3 Bxe3 21. Rxe3 Rc4 22. Rce2 $36 {
Efimov,I-Iotti,P/Porto San Giorgio op 2000/ 1-0 (40)}) 11. Qe2 $146 (11. Re1 $5
Nc4 12. a4 Ng6 13. Ra2 h6 14. g3 O-O 15. h4 f5 16. h5 Nh8 17. Nh4 Be8 18. Bf4
a6 19. bxa6 bxa6 20. Be2 Qe7 {Brady,S-Hansen,L/Debrecen EU-tch 1992/0-1 (45)})
(11. a4 Nc4 12. Ra2 Qc7 13. Re2 Ng6 14. Rfe1 a6 15. bxa6 bxa6 16. h4 Qc5 17.
Ra2 Bc7 $13 {Meyer,C-Stolz,M/BL 1994/0-1 (55)}) 11... h6 ({Black could castle
here -} 11... O-O 12. Bxh7+ $2 {as the line} Kxh7 13. Ng5+ Kg6 14. Qd3+ Nf5 15.
g4 Rc4 $1 16. gxf5+ exf5 {[%cal Gc4g4] is not dangerous for him.}) 12. g3 Qc7
13. Kg2 Nc4 14. a4 Ng6 {[%csl Re5][%cal Gg6e5,Gc4e5]} 15. Re1 ({Taking on g6
does not yield White much:} 15. Bxg6 fxg6 16. Qc2 O-O (16... Kf7 $5) 17. Bxh6
$5 Rxf3 18. Kxf3 Nxe5+ 19. Kg2 gxh6 20. f4 Nf7 21. Qxg6+ Kf8 $15) 15... O-O 16.
Nbd2 Ba5 {[%cal Ga5c3]} 17. Bxc4 $2 {White misses his chance to sieze the
initiative.} ({He had to play} 17. Nxc4 $1 dxc4 18. Bxg6 fxg6 $1 (18... Bxc3 $2
19. Bh7+ $1 Kh8 (19... Kxh7 $2 20. Qc2+) 20. Bc2 $1 Bxa1 21. Qe4 g6 22. Bxh6
$18) 19. Qc2 $14 {[%cal Gc2g6,Gc1a3]}) 17... Bxc3 18. Ba3 (18. Ra3 Bxd2 19.
Nxd2 dxc4 20. Rc3 Qa5 21. Rxc4 Rxc4 22. Qxc4 a6 $5 $15 {[%csl Gd7][%cal Gd7c6]}
) (18. Rb1 dxc4 19. Ba3 Rfd8 20. Rec1 Bxd2 21. Bd6 Qa5 $1) 18... Bxa1 19. Bd6 (
19. Bxf8 Nxf8 20. Rxa1 dxc4 21. Rc1 Qa5 22. Rxc4 Rxc4 23. Qxc4 a6 $1 $17) 19...
Qa5 20. Rxa1 ({White's life won't be any easier after} 20. Bxf8 dxc4 (20...
Nxf8 21. Rxa1 dxc4 22. Nxc4 Qc3 (22... Bxb5 $5 23. Nxa5 Bxe2 24. Nxb7 Bxf3+ 25.
Kxf3 Ng6 $15) 23. Nb2 a6 $1 $36 {[%csl Ra1,Rb2]}) (20... Kxf8 $5) 21. Bxg7 Kxg7
22. Rxa1 Bxb5 $1 $17) 20... dxc4 21. Bxf8 (21. Nxc4 Qc3 $19 {[%cal Rc3a1,Rc3c4]
} (21... Bxb5 $5)) 21... Kxf8 22. Nxc4 Bxb5 $1 {[%cal Ga5a1,Gb5e2] Black
obtains a winnning advantage using some simple geometrical motives.} 23. axb5 (
23. Nxa5 $5 Bxe2 24. Nxb7 (24. Nd4 Bc4 $1 {[%cal Gc4d5]}) 24... Bxf3+ 25. Kxf3
Nxe5+ $17 26. Ke4 $6 Rc4+ $1 27. Kxe5 $140 $2 Ke7 {[%cal Rf7f6]}) 23... Qxa1
24. Nd6 Rc7 $19 25. h4 Qa4 26. Qd3 Qc2 27. Qa3 Qc5 28. b6 $6 Qxa3 (28... Qxa3
29. bxc7 Ne7 $19) 0-1

[Event "Ubeda op 5th"]
[Site "Ubeda"]
[Date "2000.01.27"]
[Round "9"]
[White "Motylev, Alexander"]
[Black "San Segundo Carrillo, Pablo"]
[Result "1-0"]
[WhiteElo "2552"]
[BlackElo "2497"]
[Annotator "Psakhis,L"]
[PlyCount "73"]
[EventDate "2000.01.19"]
[EventType "swiss"]
[EventRounds "10"]
[EventCountry "ESP"]
[SourceTitle "CBM 075"]
[Source "ChessBase"]
[SourceDate "2000.04.05"]
[SourceVersion "1"]
[SourceVersionDate "2000.04.05"]
[SourceQuality "1"]

1. e4 e6 2. d4 d5 3. e5 c5 4. c3 Qb6 5. Nf3 Nc6 6. a3 Nh6 7. b4 cxd4 8. Bxh6 (
8. cxd4 Nf5 9. Be3 f6 10. Bd3 Nxe3 11. fxe3 fxe5 12. b5 Nxd4 13. exd4 e4 $132 {
0-1 Otero,D-Nogueiras,J/Santa Clara-A 1999 (24)}) 8... gxh6 9. cxd4 Bd7 10. Be2
Rc8 11. O-O Ne7 $6 $146 {Novelty, but not the good one. To be honest, I don,t
understand why Black made this move.Knight had a good position on the c6,
attaking d4 pawn.} ({According to modern theory Black doing well after} 11...
Bg7 $142 $5 12. Qd2 O-O {for example} 13. Ra2 (13. Nc3 Nxd4 $1 14. Nxd4 Bxe5
15. Rad1 Bxd4 16. Nxd5 Bxf2+ 17. Rxf2 exd5 18. Qxd5 Ba4 19. Rdf1 Bc2 20. Kh1
Bg6 $17 {0-1 Fressinet,L-Kortchnoi,V/Cannes Generations 1996 (29)}) (13. Rd1 f6
14. b5 Na5 15. exf6 Rxf6 16. Qb4 Nc4 17. a4 a5 18. Qb3 Rf4 19. Na3 Nd6 $17 {
Walsh,C-Harley,A/BCF t-ch 1997/1/2-1/2 (61)}) 13... f6 14. b5 Na5 15. exf6 Rxf6
16. Ne5 Be8 17. Qe3 Rf5 18. Bg4 Rg5 19. Nc6 Ra8 20. Bxe6+ Kh8 $132 {0-1 Bosch,
J-Lputian,S/Wijk aan Zee-B 1999 (28)}) 12. Bd3 Bg7 13. Qd2 Qc7 14. a4 {[%cal
Ga1a3,Gb1c3] Not bad move, but and} (14. Ra2 $5 {[%cal Ga2c2] deserves
attention} Ba4 15. b5 Bb3 16. Rb2 Bc4 17. Rc1 $16) 14... a6 15. Ra3 $1 O-O 16.
Nc3 {[%cal Gc3e2,Ge2f4,Gf4h5] White has a better pawn structure, which enables
him to try various plans here, while Black has to stay passive. Such positions
are very difficult to hold, but for a long time San Segundo defends well.} f6
$8 17. exf6 Rxf6 18. Ne2 Qd6 {[%cal Ga6a5]} 19. Ne5 Rff8 20. f4 Be8 $1 {
[%cal Ge8g6] At least black king will be shaded, when bishop will come on g6}
21. Bb1 $5 {[%cal Ga3h3] Allow rook transference to the king's side.} Bg6 22.
Rh3 Rc7 23. Ng3 Rfc8 24. Nh5 Bxb1 25. Rxb1 Rc2 26. Qd1 Ng6 (26... Nf5 $5) 27.
Rg3 R2c3 $2 {Black position doesn't look great, but after} (27... Bxe5 $1 28.
fxe5 Qc7 {[%cal Gc2c1]} 29. Nf6+ Kh8 $13 {maybe he could keep resistance.}) 28.
Rxc3 Rxc3 29. Qg4 {[%csl Ge5,Gg4,Gh5]} Qb6 $6 (29... Bxe5 30. fxe5 Qc6 31. h3
$1 $16) 30. Nxg6 (30. a5 $1 Qxd4+ 31. Kh1 $18 {was easy}) 30... hxg6 31. Qxg6
Qxd4+ 32. Kh1 Rd3 (32... Rc6 33. b5 $1 axb5 34. axb5 Rd6 35. f5 $18) 33. h3 Qc3
(33... Rd1+ 34. Rxd1 Qxd1+ 35. Kh2 Qd4 36. Qxe6+ Kh7 37. Qf7 $18) 34. Kh2 $1
$18 {[%cal Rb1c1] Last finesse. Black couldn't stop next Rc1 killing move.} Kf8
35. Rc1 $1 Rxh3+ (35... Qxc1 36. Qxg7+ Ke8 37. Nf6+ Kd8 38. Qd7#) 36. gxh3 Qd2+
37. Qg2 1-0